| 000 | 00000nam 2200000zi 4500 |
| 001 | 9.946727 |
| 003 | CaOODSP |
| 005 | 20250116100002 |
| 006 | m o d f |
| 007 | cr bn||||||||| |
| 008 | 250110e198601##nscd o f000 0 eng d |
| 040 | |aCaOODSP|beng|erda|cCaOODSP |
| 043 | |an-cn-nk|an-cn-ns|an-us-me |
| 086 | 1 |aEn57-53/1-86E-PDF |
| 100 | 1 |aDanks, Martha M. E., |eauthor. |
| 245 | 10|aBay of Fundy wind climatology : |bSouthwest Head and Gannet Rock / |cM. Danks, M.L. Thiebaux, Jr. |
| 264 | 1|aBedford, N.S. : |bScientific Services Division, [Atlantic Region, Atmospheric Environment Service], |cJanuary 1986. |
| 300 | |a1 online resource (11 pages, 11 unnumbered pages) : |bcharts. |
| 336 | |atext|btxt|2rdacontent |
| 337 | |acomputer|bc|2rdamedia |
| 338 | |aonline resource|bcr|2rdacarrier |
| 490 | 1 |aMAES ; |v1-86 |
| 500 | |aDigitized edition from print [produced by Environment and Climate Change Canada]. |
| 520 | |a"The objective of this study is to obtain a statistical analysis of over-water winds in the Bay of Fundy, to determine the relationship of gusts to mean wind, and to determine design winds for this area"--Introduction. |
| 650 | 0|aWinds|zFundy, Bay of. |
| 650 | 6|aVents|zFundy, Baie de. |
| 710 | 1 |aCanada. |bAtmospheric Environment Service. |bAtlantic Region, |eissuing body. |
| 830 | #0|aMAES ;|v1-86.|w(CaOODSP)9.920183 |
| 856 | 40|qPDF|s1065 KB|uhttps://publications.gc.ca/collections/collection_2025/eccc/en57/En57-53-1-86-eng.pdf |